लोड हो रहा है...
Neela Chaand
| मुख्य लेखक: | |
|---|---|
| स्वरूप: | Printed Book |
| भाषा: | English |
| प्रकाशित: |
New Delhi
Vani prakashan
2000
|
| संस्करण: | 3rd ed. |
| विषय: |
| LEADER | 00557nam a22001817a 4500 | ||
|---|---|---|---|
| 005 | 20151026130306.0 | ||
| 008 | 091014t xxu||||| |||| 00| 0 eng d | ||
| 020 | |a 81-7055-138-2 | ||
| 080 | |a FH |b SHIV/N | ||
| 100 | |a Shivaprasad Singh |9 6497 | ||
| 245 | |a Neela Chaand | ||
| 250 | |a 3rd ed. | ||
| 260 | |a New Delhi |b Vani prakashan |c 2000 |9 6498 | ||
| 300 | |a 536p. | ||
| 653 | |a Fiction-Hindi literature | ||
| 942 | |c BK |6 _ | ||
| 999 | |c 2750 |d 2750 | ||
| 952 | |0 0 |1 0 |2 udc |4 0 |6 FH_SHIVN |7 0 |9 12597 |a UL |b UL |d 2009-10-14 |l 2 |o FH SHIV/N |p 00053253 |r 2014-04-02 |s 2014-02-18 |w 2009-10-14 |y BK | ||